Geographic information and geographic information systems standards (Record no. 90992)

MARC details
000 -LEADER
fixed length control field 00847cam a2200217 4500
008 - FIXED-LENGTH DATA ELEMENTS--GENERAL INFORMATION
fixed length control field 090401t1994 xxu||||| |||| 00| 0 eng d
020 ## - INTERNATIONAL STANDARD BOOK NUMBER
International Standard Book Number 0113306288
035 ## - SYSTEM CONTROL NUMBER
System control number (Sirsi) u41858
041 ## - LANGUAGE CODE
Language code of text/sound track or separate title eng
050 ## - LIBRARY OF CONGRESS CALL NUMBER
Classification number 333.70285
-- 18
110 ## - MAIN ENTRY--CORPORATE NAME
Corporate name or jurisdiction name as entry element CCTA
9 (RLIN) 1635
245 ## - TITLE STATEMENT
Title Geographic information and geographic information systems standards
260 ## - PUBLICATION, DISTRIBUTION, ETC.
Place of publication, distribution, etc. London
Name of publisher, distributor, etc. HMSO
Date of publication, distribution, etc. 1994
300 ## - PHYSICAL DESCRIPTION
Extent 98p.
Dimensions 26cm.
350 ## - PRICE (NR) (BK AM CF MU VM SE) [OBSOLETE]
Price 35
490 ## - SERIES STATEMENT
Series statement CCTA Information Management Library
520 ## - SUMMARY, ETC.
Summary, etc. Looks at the needs for standards that apply to digital geographic information and systems standards that apply to geographic information systems. Volume produced by CCTA as a sponsor member of the AGI.
690 ## - LOCAL SUBJECT ADDED ENTRY--TOPICAL TERM (OCLC, RLIN)
Topical term or geographic name as entry element ENVIRONMENTAL AND LAND CONSULTANCY-GEOMATICS-GEOGRAPHIC INFORMATION SCIENCE-GEOGRAPHIC INFORMATION SYSTEMS
942 ## - ADDED ENTRY ELEMENTS (KOHA)
Suppress in OPAC 0
948 ## - LOCAL PROCESSING INFORMATION (OCLC); SERIES PART DESIGNATOR (RLIN)
c (OCLC) 04/03/1997
Holdings
Withdrawn status Lost status Source of classification or shelving scheme Damaged status Not for loan Home library Current library Shelving location Date acquired Cost, normal purchase price Total Checkouts Full call number Barcode Date last seen Copy number Cost, replacement price Price effective from Koha item type
    Dewey Decimal Classification     London London Books 27/10/1994 35.00   333.70285 CCT 30042893 06/08/2019 1 35.00 06/08/2019 Book